Ανθρωπισμός ή μπιχεβιορισμός στην εκπαίδευση

Αποθηκεύτηκε σε:
Λεπτομέρειες βιβλιογραφικής εγγραφής
Κύριος συγγραφέας: Kolesnik, Walter B., 1923-
Άλλοι συγγραφείς: Κοκαβέσης, Φώτης (Μεταφραστής), Ασημακοπούλου, Δήμητρα (edtf)
Μορφή: Βιβλίο
Γλώσσα:Greek
English
Δημοσίευση: Θεσσαλονίκη : Παρατηρητής, 1992.
Σειρά:Εκπαίδευση και κοινωνία ; 5
Θέματα:
Ετικέτες: Προσθήκη ετικέτας
Δεν υπάρχουν, Καταχωρήστε ετικέτα πρώτοι!

MARC

LEADER 00000cam a2200000 i 4500
001 1/68179
008 990128s1992 gr | ||| |||| ||gre||
020 |a 9602606614  
035 |l 10047606 
040 |a GR-MyUa   |b gre   |e AACR2  
041 1 |a gre  |h eng 
082 7 |a 370.15   |2 (22)  
100 1 |a Kolesnik, Walter B.,   |d 1923- 
245 1 0 |a Ανθρωπισμός ή μπιχεβιορισμός στην εκπαίδευση /   |c Walter B.Kolesnik ; μετάφραση:Φώτης Κοκαβέσης ; επιμέλεια: Δήμητρα Ασημακοπούλου. 
260 |a Θεσσαλονίκη :   |b Παρατηρητής,   |c 1992.  
300 |a 213 σ. ;   |c 21 εκ.  
490 1 |a (Εκπαίδευση και κοινωνία ;   |v 5) 
500 |a Τίτλος πρωτοτύπου: Humanism and/or behaviorism in education. 
504 |a Περιλαμβάνει βιβλιογραφία. 
650 0 |a Educational psychology. 
650 0 |a Behavior modification. 
650 0 |a School discipline. 
700 1 |a Κοκαβέσης, Φώτης,  |e trl 
700 1 |a Ασημακοπούλου, Δήμητρα,  |e edtf 
830 0 |a Εκπαίδευση και κοινωνία ;  |v  5 
852 |a INST  |b RHODES  |e 19990128  |h 370.15 KOL  |p 005400005566  |q 005400005566  |t BK  |y 0 
901 |a BIBL-1999-1 
970 |z 1999/01/28  
922 |a 4ΕΛΗ  |b 199806  |c ΚΠΣ/ΔΕ  |d EMVASIS